000 00232nam a2200085Ia 4500
245 0 _aAkwaziwa mamezala [Zulu]
100 _a Ngcobo, M.P. [South Africa], 2007
_977202
942 _cBK
008 210817s9999 xx 000 0 und d
999 _c263025
_d263024